LEADER 01065nam2-2200361---450- 001 990003370210203316 005 20100210115600.0 010 $a978-1-60327-301-5 035 $a000337021 035 $aUSA01000337021 035 $a(ALEPH)000337021USA01 035 $a000337021 100 $a20100210d2009----km-y0itay50------ba 101 $aeng 102 $aUS 105 $aa---||||001yy 200 1 $aAntibody phage disply$emethods and protocols$fedited by Robert Aitken 210 $aNew York$cHumana Press$d2009 215 $aX, 240 p.$cill.$d27 cm 225 2 $aMethods in molecular biology$v562 410 0$1001000336582$12001$aMethods in molecular biology$v, 562 606 0$aAnticorpi 676 $a572.8 702 1$aAITKEN,$bRobert 801 0$aIT$bsalbc$gISBD 912 $a990003370210203316 951 $a572.8 ANT$b5302 Farm.$c572.8$d00255797 959 $aBK 969 $aFAR 979 $aCHIARA$b90$c20100210$lUSA01$h1155 979 $aCHIARA$b90$c20100210$lUSA01$h1156 996 $aAntibody phage disply$91123427 997 $aUNISA